000
00267nam a2200097Ia 4500
001
728722
005
20250826163513.0
008
250824s9999 xx 000 0 und d
245
0
_a
GEÇMİŞİN GÖLGESİ GELECEĞİN LANETİ
_c
M. İHSAN TATARİ
260
_b
BU YAYIN EVİ
999
_c
728722
_d
728722